Normal view
MARC view
- Levi, Paul
Entry Personal Name
001 - CONTROL NUMBER
- control field: 84831
003 - CONTROL NUMBER IDENTIFIER
- control field: NUST
005 - DATE AND TIME OF LATEST TRANSACTION
- control field: 20211122095857.0
008 - FIXED-LENGTH DATA ELEMENTS
- fixed length control field: 211122|| aca||aabn | a|a d
040 ## - CATALOGING SOURCE
- Original cataloging agency: NUST
- Transcribing agency: NUST
100 ## - HEADING--PERSONAL NAME
- Personal name: Levi, Paul
670 ## - SOURCE DATA FOUND
- Source citation: Work cat.: (NUST)32938: Symbiotic multi-robot organisms :, 2010.
